1724 1954 1229 1744 1189 1995 1545 1081 1254 1735 1803 1770 1394 1242 1265 1458 1424 1326 1074 1954 1537 1455 1737 1641 1787 1575 1430 1657 1799 1777 1513 1054 1646 1591 1449 1985 1491 1068 1977 1217 1085 1353 1136 1339 1910 1999 1350 1360 1433 1716 1494 1869 1139 1212 1646 1879 1222 1247 1242 1294 1702 1574 1346 1047 1885 1661 1463 1363 1467 1718 1006 1845 1829 1588 1678 1222 1175 1432 1730 1300 1243 1993 1491 1308 1933 1070 1624 1168 1006 1524 1638 1064 1542 1334 1976 1887 1595 1925 1235 BCNSPRNW ULIB Ver.6.0+V

เปลี่ยนเป็นภาษาไทย

Change to English
 แสดงรายละเอียดบรรณานุกรม
  กลับหน้าหลัก

Brief Record : Get Marc (ISO 2709) : E-mail record : QR code < ปิดหน้าต่าง
LEADER : 00000nam 2200000uu 4500
001    13399124537
003     ULIB
008    150901s2552||||th 000 0 tha d
020    ^a9786115000227
090    ^aนว.^bณ429ร
100 0  ^aณารา
245 00 ^aรอยฝันตะวันเดือด/^cณารา
250    ^aพิมพ์ครั้งที่ 4
260    ^aกรุงเทพฯ :^bพิมพ์คำ,^c2552
300    ^a480 หน้า
710 1  ^aพิมพ์คำ
945    ^p0^l0^i027700
999    ^aทศพร
รายการนี้ยังไม่มีแท็ก
คุณยังไม่ได้ล็อกอิน คุณสามารถมีกิจกรรมร่วมกับเว็บไซต์ได้ แต่ต้องล็อกอินก่อน ::
  ล็อกอิน

รายการสื่อสารสนเทศ

ลำดับที่ ประเภท เลขเรียก/บาร์โค้ด สถานที่ สถานะ
1. นวนิยาย
นวนิยาย
นว. ณ429ร ฉ.1 
  Barcode: 027700
ห้องสมุดวิทยาเขตสวรรค์ประชารักษ์
►นวนิยาย
บนชั้น
  ขอยืม

รายการใกล้เคียง
    ผู้แต่ง [ณารา]

BibComment


ยังไม่เคยถูกคอมเมนท์

คอมเมนท์ทรัพยากรรายการนี้
  คอมเมนท์: รอยฝันตะวันเดือด..


 Copyright 2026. Bcnsprnw @Library